000 00787cam a22002654a 4500
008
020 _a9780443104213 (pbk.)
049 _aMAIN
090 _aRL71
_bGAW
100 1 _aGawkrodger, David J.
245 1 0 _aDermatology :
_ban illustrated colour text /
_cDavid J. Gawkrodger.
250 _a4th ed.
260 _aEdinburgh :
_bChurchill Livingstone ,
_c2008.
300 _avii, 135 p. :
_bill. (chiefly col.) ;
_c30 cm.
500 _aIncludes index.
504 _aIncludes bibliographical references.
650 0 _aDermatology.
650 0 _aDermatology
_vAtlases.
650 1 2 _aSkin Diseases.
907 _a.b10287334
_b28-01-14
_c16-11-10
003
005 20230120204034.0
040 _cNUST
942 _cBOOKS
_kRL71
_mGAW
999 _c116017
_d116017